00650nam a2200217 a 450000100060000000300090000600800410001502000150005604000280007108200150009910000270011424500440014126000380018530000110022349000290023459000470026365000530031065000400036394200120040399900170041518852CO-ViMGA141112s2004 ck r 000 u spa d a9583005584 aCO-ViMGAbspacCO-ViMGA04a980.2 I7411 aIriarte, Alfredo9591610aCristóbal Colón y el Descubrimiento aBogotá : bPanAméricana; 1998 a123 p. aCuadernillos de historia aForma de adquisición : Premio Mincultura14aAmérica - DESCUBRIMIENTO Y EXPLORACIONES9591714aCOLON, CRISTOBAL; 1451 - 150695918 2ddccBK c28080d28080